Hogueras en holocausto (Record no. 102511)

MARC details
000 -LEADER
campo de control de longitud fija 00847nam a2200229 i 4500
001 - NÚMERO DE CONTROL
campo de control 102511
003 - IDENTIFICADOR DE NÚMERO DE CONTROL
campo de control ES-MaACL
005 - FECHA Y HORA DE LA ÚLTIMA TRANSACCIÓN
campo de control 20231229062544.0
007 - CAMPO FIJO DE DESCRIPCIÓN FÍSICA--INFORMACIÓN GENERAL
campo de control de longitud fija t|
008 - DATOS DE LONGITUD FIJA--INFORMACIÓN GENERAL
campo de control de longitud fija 051111s1964 sp ||||1| spa d
100 1# - ENTRADA PRINCIPAL--NOMBRE DE PERSONA
Nombre de persona Mendizábal, Federico de.
9 (RLIN) 80208
245 10 - MENCIÓN DEL TÍTULO
Título Hogueras en holocausto
Resto del título : rapsodias /
Mención de responsabilidad, etc. Federico de Mendizábal; juicios críticos por Federico Carlos Sainz de Robles, ofrendas poéticas de Ignacio Sarda y Fernando José de Larra.
260 ## - PUBLICACIÓN, DISTRIBUCIÓN, ETC.
Lugar de publicación, distribución, etc. Madrid :
Nombre del editor, distribuidor, etc. [s.n.],
Fecha de publicación, distribución, etc. 1964 (
Fabricante Taravilla)
300 ## - DESCRIPCIÓN FÍSICA
Extensión 305 p. ;
Dimensiones 21 cm.
490 1# - MENCIÓN DE SERIE
Mención de serie Colección amor
700 1# - ENTRADA AGREGADA--NOMBRE PERSONAL
Nombre de persona Sainz de Robles, Federico Carlos,
Fechas asociadas al nombre 1898-1982
9 (RLIN) 101593
700 1# - ENTRADA AGREGADA--NOMBRE PERSONAL
Nombre de persona Sardá Martín, Ignacio.
9 (RLIN) 103789
700 1# - ENTRADA AGREGADA--NOMBRE PERSONAL
Nombre de persona Larra, Fernando José de.
9 (RLIN) 70286
830 0# - PUNTO DE ACCESO ADICIONAL DE SERIE-TÍTULO UNIFORME
Título uniforme Colección amor
9 (RLIN) 179665
852 ## - LOCALIZACIÓN
Ubicación ES-MaACL
Número de control de estantería C-26114
Sublocalización o colección R.54677
Holdings
Estatus retirado Estado de pérdida Estado de daño No para préstamo Biblioteca de origen Biblioteca actual Ubicación en estantería Fecha de adquisición Fuente de adquisición Total de préstamos Signatura topográfica completa Código de barras Visto por última vez Precio de reemplazo Tipo de ítem Koha
        Biblioteca del Ateneo de Madrid Biblioteca del Ateneo de Madrid Depósito 2 17/01/2008     C-26114 1107007 23/02/2023 23/02/2023 Libro impreso